| 000 | 00341nam a2200145 i 4500 | ||
|---|---|---|---|
| 001 | bg | ||
| 100 | 1 | _aBIAŁŁOZÓR, Swietłana. | |
| 245 | 0 |
_aKinetyka i kataliza / _cŚwietłana Białłozór. |
|
| 260 |
_aGdańsk, _c1971. |
||
| 040 | _cBPK | ||
| 041 | _apol | ||
| 080 | _a541.1 | ||
| 942 | _cKS | ||
| 008 | s pl f |000 0 pol | ||
| 999 |
_c7342 _d7342 |
||
| 856 |
_uhttp://koha.tu.koszalin.pl/cgi-bin/koha/opac-detail.pl?biblionumber=7342 _yKatalog online BPK |
||